|
|
|
|
| LEADER |
00000nam a2200000Ii 4500 |
| 001 |
DIGEDUNAV0296 |
| 003 |
NyNyDIG |
| 008 |
191231s2017 sp a o 100 0 spa d |
| 006 |
m o d |
| 007 |
cr ||||||||||| |
| 035 |
|
|
|a (OCoLC)1138081350
|
| 040 |
|
|
|a DGITA
|b eng
|e rda
|e pn
|c DGITA
|
| 020 |
|
|
|z 9788431332167
|
| 020 |
|
|
|z 8431332166
|
| 050 |
1 |
4 |
|a BX1795.H82 ebook
|
| 111 |
2 |
|
|a Jornada Ecología y desarrollo humano : conversaciones sobre Laudato si'
|d (2016 :
|c Universidad de Navarra)
|
| 245 |
1 |
0 |
|a Ecología y desarrollo humano :
|b conversaciones sobre Laudato si' /
|c Susana Aulestiarte, Reyes Duro (coordinadoras)
|
| 264 |
|
1 |
|a Pamplona :
|b EUNSA, Ediciones Universidad de Navarra,
|c [2017]
|
| 300 |
|
|
|a 1 online resource :
|b illustrations.
|
| 336 |
|
|
|a text
|b txt
|2 rdacontent
|
| 337 |
|
|
|a computer
|b c
|2 rdamedia
|
| 338 |
|
|
|a online resource
|b cr
|2 rdacarrier
|
| 347 |
|
|
|a text file
|2 rdaft
|
| 347 |
|
|
|a PDF
|
| 500 |
|
|
|a Proceedings of a meeting held at Universidad de Navarra, Pamplona, Spain on March 18, 2016.
|
| 505 |
0 |
|
|a Laudato si' : de la ecología integral a la conversión ecológica / Josep Maria Mallarach -- Fe cristiana y relación con el mundo / Tomás Trigo -- "Oikos nomos" : el cuidado de la casa común : una vuelta a los orígenes de la economía / Ignacio Ferrero -- Retos de la Laudato si' a la empresa / Domènec Melé -- Análisis coste-beneficio para el bien común : el caso de las externalidades / Antonio Moreno Ibáñez -- Sociedad y medioambiente : retos actuales / Arturo H. Ariño -- Laudato si' : una mirada a la justicia social / Dolores López -- Laudato si' : una estrella en la oscuridad / Ana Sánchez-Ostiz -- Hacia un desempeño social y ambiental renovado en la Universidad de Navarra / Jordi Puig i Baguer.
|
| 588 |
0 |
|
|a Online resource; title from PDF title page (Digitalia, viewed January 27, 2020)
|
| 610 |
0 |
0 |
|a Catholic Church.
|b Pope (2013- : Francis).
|t Encíclica Laudato si'
|v Congresses.
|
| 650 |
|
0 |
|a Human ecology
|x Religious aspects
|x Catholic Church
|v Congresses.
|
| 650 |
|
0 |
|a Environmental protection
|x Religious aspects
|x Catholic Church
|v Congresses.
|
| 655 |
|
7 |
|a Conference papers and proceedings.
|
| 655 |
|
0 |
|a Electronic books.
|
| 700 |
1 |
|
|a Aulestiarte Jiménez, Susana,
|e editor.
|
| 700 |
1 |
|
|a Duro, Reyes,
|e editor.
|
| 791 |
2 |
|
|a Digitalia (Firm),
|e distributor.
|
| 793 |
0 |
|
|g Digitalia eBook Collection:
|a Ediciones Universidad de Navarra
|
| 776 |
0 |
8 |
|i Print version:
|a Jornada Ecología y desarrollo humano : conversaciones sobre Laudato si' (2016 : Universidad de Navarra).
|t Ecología y desarrollo humano.
|d Pamplona : Ediciones Universidad de Navarra, 2016
|z 9788431332167
|w (OCoLC)1011552140
|
| 856 |
4 |
0 |
|3 Digitalia Hispánica
|u https://www.digitaliapublishing.com/a/51704/
|
| 910 |
|
|
|a Premium collection: 2020
|